Communication in the classroom /
Guardado en:
| Formato: | Libro |
|---|---|
| Publicado: |
Estados Unidos de América :
Longman,
1981
|
| Materias: | |
| Etiquetas: |
Agregar Etiqueta
Sin Etiquetas, Sea el primero en etiquetar este registro!
|
| LEADER | 00437nam a22001575a 4500 | ||
|---|---|---|---|
| 001 | CEM.cems007441 | ||
| 005 | 20060214000000.0 | ||
| 008 | 130507s1981##################000#0#####d | ||
| 003 | CEMS | ||
| 082 | 0 | 4 | |a 428.64 |
| 245 | 0 | 0 | |a Communication in the classroom / |
| 260 | |a Estados Unidos de América : |b Longman, |c 1981 | ||
| 300 | |a 152 p. | ||
| 653 | |a Ingles | ||
| 653 | |a Ingles-textos | ||
| 859 | |a CEMS |b BIB. CEMS - 11 de abril |h 428.64 |i J634 |p 17317.93 |t Ej.1 | ||
